000 00524nam a2200181Ia 4500
005 20250423100435.0
008 250422s9999 xx 000 0 und d
020 _a97801198767831
050 _aQM 535 .G55/
100 _aGijn, Daniel R. van
245 0 _aOxford handbook of head and neck anatomy
260 _aNew York
260 _bOxford University Press
260 _c2022
300 _axvi, 570p.: ill.
650 _aHead--Anatomy--Handbooks, manuals, etc. Neck--Anatomy--Handbooks, manuals, etc.
942 _cBK
999 _c33314
_d33314